<?xml version="1.0" encoding="UTF-8"?>
<record
    xmlns:xsi="http://www.w3.org/2001/XMLSchema-instance"
    xsi:schemaLocation="http://www.loc.gov/MARC21/slim http://www.loc.gov/standards/marcxml/schema/MARC21slim.xsd"
    xmlns="http://www.loc.gov/MARC21/slim">

  <leader>00723nam a2200229   4500</leader>
  <controlfield tag="005">20250502105548.0</controlfield>
  <datafield tag="010" ind1=" " ind2=" ">
    <subfield code="a">ENG-144544</subfield>
  </datafield>
  <datafield tag="020" ind1=" " ind2=" ">
    <subfield code="a">9789386279743</subfield>
    <subfield code="c">732.00</subfield>
  </datafield>
  <datafield tag="035" ind1=" " ind2=" ">
    <subfield code="a">EN-128076</subfield>
  </datafield>
  <datafield tag="037" ind1=" " ind2=" ">
    <subfield code="b">DBAD</subfield>
  </datafield>
  <datafield tag="082" ind1=" " ind2=" ">
    <subfield code="a">510</subfield>
  </datafield>
  <datafield tag="245" ind1=" " ind2=" ">
    <subfield code="a">K-Theory:</subfield>
    <subfield code="b">Proceedings of the International Colloquium, Mumbai,2016 /</subfield>
    <subfield code="c">V Srinivas...[et.al]</subfield>
  </datafield>
  <datafield tag="250" ind1=" " ind2=" ">
    <subfield code="a">1st</subfield>
  </datafield>
  <datafield tag="260" ind1=" " ind2=" ">
    <subfield code="a">New Delhi</subfield>
    <subfield code="b">Hindustan Book Agency </subfield>
    <subfield code="c">2018</subfield>
  </datafield>
  <datafield tag="270" ind1=" " ind2=" ">
    <subfield code="a">P 19 Green Park Extension</subfield>
    <subfield code="b">New Delhi</subfield>
    <subfield code="e">110016</subfield>
    <subfield code="m">info@hindbook.com</subfield>
  </datafield>
  <datafield tag="300" ind1=" " ind2=" ">
    <subfield code="a">xxii, 393p.</subfield>
    <subfield code="c">25cm(hbk)</subfield>
  </datafield>
  <datafield tag="700" ind1=" " ind2=" ">
    <subfield code="a">Roushon,S.K</subfield>
    <subfield code="9">80490</subfield>
  </datafield>
  <datafield tag="700" ind1=" " ind2=" ">
    <subfield code="a">Rao,Ravi A</subfield>
    <subfield code="9">80491</subfield>
  </datafield>
  <datafield tag="700" ind1=" " ind2=" ">
    <subfield code="a">Parameswaran,A.J</subfield>
    <subfield code="9">80492</subfield>
  </datafield>
  <datafield tag="700" ind1=" " ind2=" ">
    <subfield code="a">Krishna,A</subfield>
    <subfield code="9">80493</subfield>
  </datafield>
  <datafield tag="942" ind1=" " ind2=" ">
    <subfield code="2">ddc</subfield>
    <subfield code="c">EN</subfield>
    <subfield code="m">SRI</subfield>
    <subfield code="h">510</subfield>
    <subfield code="e">1st</subfield>
  </datafield>
  <datafield tag="999" ind1=" " ind2=" ">
    <subfield code="c">210909</subfield>
    <subfield code="d">210909</subfield>
  </datafield>
  <datafield tag="952" ind1=" " ind2=" ">
    <subfield code="0">0</subfield>
    <subfield code="1">0</subfield>
    <subfield code="4">0</subfield>
    <subfield code="7">0</subfield>
    <subfield code="8">NFIC</subfield>
    <subfield code="a">BL1</subfield>
    <subfield code="b">BL1</subfield>
    <subfield code="d">2025-04-09</subfield>
    <subfield code="e">DBAD</subfield>
    <subfield code="g">732.00</subfield>
    <subfield code="l">0</subfield>
    <subfield code="o">510 SRI</subfield>
    <subfield code="p">EN-128076</subfield>
    <subfield code="r">2025-04-09 00:00:00</subfield>
    <subfield code="t">1</subfield>
    <subfield code="v">732.00</subfield>
    <subfield code="w">2025-04-09</subfield>
    <subfield code="y">EN</subfield>
  </datafield>
</record>
